00978nam a2200253 i 450000100060000000300090000600500170001500700030003200800410003502000180007624500940009426000340018830000280022249000230025050000120027350400200028550502460030565100440055165100320059570000210062770000190064883000230066785200340069080138ES-MaACL20230906174134.0t|041026m19851987fr ||||1| fre d a2-02-008987-400aHistoire de la vie privée / csous la direction de Philippe Ariès et de Georges Duby. aParis : bSeuil, c1985-1987. a5 v. : bil. ; c23 cm.1 aUnivers historique aIndice. aBibliografía.8 aContiene: V.1: De l'Empire romain a l'an mil. -- V.2: De l'Europe féodale áa la Renaissance. -- V.3: De la Renaissance aux Lumière. -- V.4: De la Révolution á la Grande Guerre. -- V.5: De la Premiére Guerre mondiale á nos jours 4aEuropa-xSituación social-vHistoria. 4aEuropa-xUsos y costumbres.1 aAries, Philippe.1 aDuby, Georges.0 aUnivers historique aES-MaACLjG-1651-5 bR.111546